000 01283nam a22003857a 4500
001 1407857
003 OSt
005 20210426114317.0
008 830810s1983 nyua 001 0beng
010 _a 83048634
020 _a0882548549 :
040 _aDLC
_cDLC
_dDLC
_beng
041 _aeng
043 _ap------
_an-us---
050 0 0 _aE745.M3
_bE33 1983
080 _a94
_bE-28
082 0 0 _a940.54/26/0924
_219
100 1 _aEgeberg, Roger Olaf,
_d1903-
245 1 4 _aThe general, MacArthur and the man he called 'Doc' /
_cby Roger Olaf Egeberg.
_b/ by: Hippocrene Books
260 _aNew York, N.Y. :
_bHippocrene Books
_cc1983.
300 _a242 p.
_bill. ;
_c24 cm.
365 _b12.95 usd
500 _aIncludes index.
600 1 0 _aMacArthur, Douglas,
_d1880-1964.
600 1 0 _aEgeberg, Roger Olaf,
_d1903-
610 1 0 _aUnited States.
_bArmy
_xBiography.
650 0 _aWorld War, 1939-1945
_xCampaigns
_zPacific Ocean.
650 0 _aHistory
_9252
650 0 _aGenerals
_zUnited States
_xBiography.
653 _aისტორია
653 _aმეორე მსოფლიო ომი
856 4 1 _3Table of contents
_uhttp://www.loc.gov/catdir/toc/fy052/83048634.html
906 _a7
_bcbc
_corignew
_d1
_eocip
_f19
_gy-gencatlg
942 _2udc
_cBK
999 _c1002
_d1002